000 00749nam a22002417a 4500
003 BD-DhJNU
005 20250217085818.0
008 250217b |||||||| |||| 00| 0 eng d
020 _a9780521803557
020 _a9789521006156
040 _aBD-DhJNU
_bENG
_cBD-DhJNU
_dBD-DhJNU
082 _223
_a153 BLA
100 _aBloch, Maurice
245 _aAnthropology and the cognitive challenge /
_cMaurice Bloch
260 _aNew York :
_bCambridge University Press,
_c2012.
300 _a ix, 234p. :
_bill. ;
_c22 cm.
490 _aNew departures in anthropology
504 _aIncludes bibliographical references and index
650 _aAnthropology
650 _aCognition and culture
650 _aEthnopsychology
942 _2ddc
_cBK
_n0
999 _c1352
_d1352